Agriculture and the Environment (Record no. 2835)

MARC details
000 -LEADER
fixed length control field 01447cem a2200397 4500
001 - CONTROL NUMBER
control field 272051
003 - CONTROL NUMBER IDENTIFIER
control field OSt
005 - DATE AND TIME OF LATEST TRANSACTION
control field 20230627112816.0
007 - PHYSICAL DESCRIPTION FIXED FIELD--GENERAL INFORMATION
fixed length control field ad canzn
008 - FIXED-LENGTH DATA ELEMENTS--GENERAL INFORMATION
fixed length control field 920612s1993 nyu e eng
010 ## - LIBRARY OF CONGRESS CONTROL NUMBER
LC control number 92022290
020 ## - INTERNATIONAL STANDARD BOOK NUMBER
International Standard Book Number 0791018040
034 1# - CODED CARTOGRAPHIC MATHEMATICAL DATA
Category of scale a
Constant ratio linear horizontal scale 25000000
040 ## - CATALOGING SOURCE
Original cataloging agency DLC
Transcribing agency DLC
Modifying agency DLC
050 00 - LIBRARY OF CONGRESS CALL NUMBER
Classification number G1046.J1
Item number A35 1993
052 ## - GEOGRAPHIC CLASSIFICATION
Geographic classification area code 3201
082 00 - DEWEY DECIMAL CLASSIFICATION NUMBER
Classification number 333.7
Edition number 20
Item number AGR
100 ## - MAIN ENTRY--PERSONAL NAME
Titles and words associated with a name Edward Madigan
245 00 - TITLE STATEMENT
Title Agriculture and the Environment
255 ## - CARTOGRAPHIC MATHEMATICAL DATA
Statement of scale Scale [ca. 1:25,000,000].
260 ## - PUBLICATION, DISTRIBUTION, ETC. (IMPRINT)
Place of publication, distribution, etc. New York :
Name of publisher, distributor, etc. Chelsea House Publishers,
Date of publication, distribution, etc. c1993.
300 ## - PHYSICAL DESCRIPTION
Extent 1 atlas (47 p.) :
Other physical details col. ill., col. maps ;
Dimensions 32 cm.
440 #0 - SERIES STATEMENT/ADDED ENTRY--TITLE
Title Using and understanding maps
500 ## - GENERAL NOTE
General note Includes glossary and index.
504 ## - BIBLIOGRAPHY, ETC. NOTE
Bibliography, etc Includes bibliography: p. 43.
520 ## - SUMMARY, ETC.
Summary, etc. Eighteen map spreads show the world's vegetation, both natural and cultivated.
650 #1 - SUBJECT ADDED ENTRY--TOPICAL TERM
Topical term or geographic name as entry element Plant distribution
Form subdivision Maps.
650 #1 - SUBJECT ADDED ENTRY--TOPICAL TERM
Topical term or geographic name as entry element Agriculture
Form subdivision Maps.
655 #7 - INDEX TERM--GENRE/FORM
Genre/form data or focus term World atlases
Source of term lcgft
655 #7 - INDEX TERM--GENRE/FORM
Genre/form data or focus term Children's maps.
Source of term lcgft
700 1# - ADDED ENTRY--PERSONAL NAME
Personal name Morris, Scott Edward.
710 2# - ADDED ENTRY--CORPORATE NAME
Corporate name or jurisdiction name as entry element Chelsea House Publishers.
906 ## - LOCAL DATA ELEMENT F, LDF (RLIN)
a 7
b cbc
c orignew
d 1
e ocip
f 19
g y-geogmaps
942 ## - ADDED ENTRY ELEMENTS (KOHA)
Source of classification or shelving scheme Dewey Decimal Classification
Koha item type Books
Holdings
Withdrawn status Lost status Source of classification or shelving scheme Damaged status Not for loan Home library Current library Date acquired Total Checkouts Full call number Barcode Date last seen Price effective from Koha item type
    Dewey Decimal Classification     County Hall Archives County Hall Archives 06/27/2023   333.7 AGR 10002289 06/27/2023 06/27/2023 Books
LIBRARY OPENING HOURS

When the Parliament is sitting: 8.00a.m - 7.00p.m or until the house adjourns
Mondays and Fridays and when the House is on Recess:  8.00a.m - 5.00p.m
Closed on Weekends and Public Holidays

Online Public Access Catalog (OPAC)
Website: http://www.parliament.go.ke
Bunge Library: https://libraryir.parliament.go.ke
Contact: library@parliament.go.ke | Tel no: (254-2)2221291 or 2848000 Ext 5043